01059 am a2200253 a 450000500170000000800410001702000150005804100080007310000210008124500740010225000210017626000470019730000170024450001360026165300390039765300350043665300450047165300550051665300450057165300840061665300420070065300410074270000220078320240625082126.0100628s2005||||ag a f 001 0 spa d a9507015221 aspa1 aRela, Agustín. aFísica II. bT.2 Optica. Electricidad. Magnetismo /cAgustín Rela a1a ed. 3a reimp. aBuenos Aires: bAique Grupo Editor;c2005. a351 p.e1 CD aRela, A. y Sztrajman, J. (2005). Física II. T.2 Óptica. Electricidad. Magnetismo. (1a ed.). Buenos Aires : Aique Grupo Editor.  aOptica geométrica: luz como rayo aOptica física: luz como onda aElectrostática: electricidad en reposo aCircuitos eléctricos: electricidad en movimiento aMagnetismo: corrientes en intereacción aInducción electromagnética: efectos eléctricos de los campos magnéticos aEstructura de la materia: microcosmos aEstructura del universo: macrocosmos1 aSztrajman, Jorge.